00636nam a22001817a 450000500170000001000150001702000260003203500140005803700090007208200180008124501140009925000060021326000400021927001070025930000250036670000350039170000280042620240805131600.0 aENG-141204 c649.00a9788196329648 aEN-124736 bDBAD a355.0330542100aGrace, Glory and Gaffe:bIndia's Defence and Security@75/cEdited by Uttara Sahasrabuddhe [and] Akshay Ranade a1 aMumbaibKabdwal Book International  aPlot No. 179, D/42, Raigad CHS, Sector 1, Charkop, Kandivali(W)bMumbaie400067morder@kabdwalbook.com axii,302p.c22cm(pbk) aSahasrabuddhe, Uttara eEditor aRanade, Akshay eEditor